Top 15 Games-Gabe - Statistics

General Stats
  • This quiz has been taken 5 times
  • The average score is 8 of 15
Answer Stats
Hint Answer % Correct
8 GTA 5
100%
7 Assassins creed black flag
75%
9 Bannerlord
75%
15 far cry 5
75%
12 Fortnite
75%
4 Minecraft
75%
2 Red dead
75%
6 Assassins creed origins
50%
1 Elden ring
50%
13 Far cry primal
50%
3 Titanfall 2
50%
11 Ark
25%
5 Black ops 2
25%
10 Shadow of war
25%
14 Watch dogs
0%
No matching quizzes found
Score Distribution
Percent of People with Each Score
Percentile by Number Answered
Your Score History
You have not taken this quiz